Basilio di Cesarea e la sua attenzione alla relazione (σχέσις) nella contesa trinitaria con Eunomio∗ (Registro nro. 63998)
[ vista simple ]
| 000 -LÍDER | |
|---|---|
| Campo fijo de descripción fija | 01588nam a2200265 4500 |
| 001 - NÚMERO DE CONTROL | |
| Campo de control | 768714001 |
| 003 - IDENTIFICADOR DEL NÚMERO DE CONTROL | |
| Campo de control | CO-MdFUSB |
| 005 - FECHA Y HORA DE LA ULTIMA TRANSACCIÓN | |
| control field | 20170825165554.0 |
| 008 - ELEMENTOS DE LONGITUD FIJA -- INFORMACIÓN GENERAL | |
| Campo fijo de descripción fija -- Información general | 170823s2017 xxu||||| |||| 00| 0 spa d |
| 022 ## - NÚMERO INTERNACIONAL NORMALIZADO PARA PUBLICACIONES SERIADAS | |
| Número Internacional Normalizado para Publicaciones Seriadas | 0120-3649 |
| 040 ## - FUENTE DE CATALOGACIÓN | |
| Agencia Catalogadora | CO-MdFUSB |
| Idioma de catalogación | spa |
| Agencia que realiza la transcripción | CO-MdFUSB |
| Agencia que realiza la modificación | CO-MdFUSB |
| 041 ## - CÓDIGO DE IDIOMA | |
| Código de idioma para texto/pista de sonido o título separado | ita |
| 100 ## - ASIENTO PRINCIPAL--NOMBRE PERSONAL | |
| Nombre personal | Vigorelli, Ilaria |
| Término relacionador | autor |
| 245 ## - TÍTULO | |
| Título | Basilio di Cesarea e la sua attenzione alla relazione (σχέσις) nella contesa trinitaria con Eunomio∗ |
| Fechas incluidas | / Vigorelli, Ilaria |
| 300 ## - DESCRIPCIÓN FÍSICA | |
| Extensión | Volumen 67. Número 183 (2001), páginas 209-235 |
| Dimensiones | : 28 cm. |
| 520 1# - NOTA DE RESUMEN, ETC. | |
| Nota de sumario, etc. | El artículo aborda la discusión entre Basilio y Eunomio, y se detiene a analizar la respuesta del obispo de Cesarea a las dos vías que asumió el subordinacionismo del anomeo. La argumentación del texto se centra en la recurrencia del término σχέσις en el Adversus eunomium de Basilio, con el fin de mostrar que el interés por la relación que emerge en su consideración de los nombres divinos relativos es una cuestión que no solo contribuyó a la teología de los nombres divinos, sino que también condujo a una ampliación de la metafísica en clave<br/>relacional; ampliación que hizo posible la formulación completa del dogma trinitario. |
| 546 ## - NOTA DE IDIOMA | |
| Nota de idioma | Texto en Italiano |
| 650 #7 - ASIENTO SECUNDARIO DE MATERIA - TERMINO TEMÁTICO | |
| 9 (RLIN) | 320 |
| Término temático o nombre geográfico como elemento de entrada | Teología bíblica |
| 653 ## - TÉRMINO DE INDIZACIÓN - NO CONTROLADO | |
| Término no controlado | Basilio di Cesarea |
| 653 ## - TÉRMINO DE INDIZACIÓN - NO CONTROLADO | |
| Término no controlado | Relación |
| 653 ## - TÉRMINO DE INDIZACIÓN - NO CONTROLADO | |
| Término no controlado | Ontología trinitaria |
| 653 ## - TÉRMINO DE INDIZACIÓN - NO CONTROLADO | |
| Término no controlado | Eunomio |
| 773 0# - ASIENTO DE ITEM FUENTE | |
| Biblionumber | 49424 |
| Itemnumber | 76096 |
| Lugar, editorial y fecha de publicación | Bogotá |
| Otro identificador del ítem | R1632 |
| Título | Theologica Xaveriana |
| Número de control del registro | (CO-MdFUSB)63 |
| Número Internacional Normalizado para Publicaciones Seriadas (ISSN) | 0120-3649 |
| Parte(s) relacionada(s) / Volumen., número. (mes año), páginas | Volumen 67. Número 183 (2001), páginas 209-235 |
| Enumeración y primera página | Página 209 |
| 942 ## - TIPO DE MATERIAL (KOHA) | |
| Tipo de Item KOHA | Artículos de Revista |
| Expurgo - (Retirado) | Estado de Perdido | Estado de Dañado | No prestable | Colección | Ubicación habitual | Ubicación actual | Ubicación en Estantería | Fecha de Adquisición | Tipo de Material |
|---|---|---|---|---|---|---|---|---|---|
| Colección de Hemeroteca | Biblioteca FUSBC | Biblioteca FUSBC | Hemeroteca | 23/08/2017 | Artículos de Revista |
